LEADER 00854cam1 22002533 450 001 SOB001702 005 20220121110859.0 010 $a3511039002 100 $a20010221g00009999|||||ita|0103 ba 101 $ager 102 $aDE 200 1 $aGesammelte Aufsätze$eAus den Jahrbüchern für die Dogmatik des heutigen römischen und deutschen Privatrechs$fRudolf von Jhering 210 $aAalen$cScientia 215 $av.$d18 cm 463 1$1001SOBE00069454$12000 $a1 / Rudolf von Jhering 463 1$1001SOBE00069455$12000 $a2 / Rudolf von Jhering 463 1$1001SOBE00069456$12000 $a3 / Rudolf von Jhering 700 1$aJhering$b, Rudolf von$3AF00008339$4070$0277497 801 0$aIT$bUNISOB$c20220121$gRICA 912 $aSOB001702 940 $aM 102 Monografia moderna SBN 941 $aM 996 $aGesammelte Aufsätze$91675245 997 $aUNISOB LEADER 01519aam 2200421I 450 001 9910711223803321 005 20151113033703.0 024 8 $aGOVPUB-C13-b852214d41f1134e26721ad91cff984b 035 $a(CKB)5470000002481786 035 $a(OCoLC)929066573 035 $a(EXLCZ)995470000002481786 100 $a20151113d1984 ua 0 101 0 $aeng 181 $2rdacontent 182 $2rdamedia 183 $2rdacarrier 200 12$aA modular data acquisition and display software system for a laboratory environment /$fLawrence J. Kaetzel 210 1$aGaithersburg, MD :$cU.S. Dept. of Commerce, National Institute of Standards and Technology,$d1984. 215 $a1 online resource 225 1 $aNBS technical note ;$v1188 300 $a1984. 300 $aContributed record: Metadata reviewed, not verified. Some fields updated by batch processes. 300 $aTitle from PDF title page. 320 $aIncludes bibliographical references. 606 $aComputer graphics 606 $aElectronic data processing$zUnited States 615 0$aComputer graphics. 615 0$aElectronic data processing 700 $aKaetzel$b Lawrence J$01392798 701 $aKaetzel$b Lawrence J$01392798 712 02$aUnited States.$bNational Bureau of Standards. 801 0$bNBS 801 1$bNBS 801 2$bGPO 906 $aBOOK 912 $a9910711223803321 996 $aA modular data acquisition and display software system for a laboratory environment$93473599 997 $aUNINA